| 000 | 00596nam a2200217 a 4500 | ||
|---|---|---|---|
| 001 | BRL_1870 | ||
| 005 | 20190320211415.0 | ||
| 008 | 110815s1943----ag-a######---#000-0#spa-# | ||
| 041 | _aspa | ||
| 044 | _aag | ||
| 050 | 4 |
_aNE546 _b.P67 1943 |
|
| 100 | 1 |
_aGuadalupe Posada, José _d1851-1913 _928087 |
|
| 245 | 1 | 0 |
_aLas calaveras y otros grabados _cJosé Guadalupe Posada. |
| 260 |
_aBuenos Aires _bEditorial Nova _c1943 |
||
| 300 |
_a82 p. _bil. _c19 cm. |
||
| 440 | 0 |
_aColección Mar Dulce _928088 |
|
| 500 | _aAu2099 | ||
| 650 | 1 | 4 |
_aGrabados mexicanos _9806 |
| 902 | _aGRL | ||
| 942 |
_2lcc _cB |
||
| 999 |
_c10678 _d10678 |
||